Ekonomický slovník Slovak - English, English - Slovak

Na minha lista:
Detalhes bibliográficos
Autor principal: Klimik, Michal
Outros Autores: Mokráň, Pavel
Formato: Livro
Idioma:eslovaco
inglês
Publicado em: Bratislava CCJ-Fremdsprachenzentrum - Centrum cudzích jazykov 2007
Edição:3. vydanie
Colecção:Slovníky
Assuntos:
Tags: Adicionar Tag
Sem tags, seja o primeiro a adicionar uma tag!

MARC

LEADER 00000nam a2200000 4500
001 0279840
005 20240416113605.1
020 |a 80-967110-3-2 
041 0 |a slo 
041 0 |a eng 
044 |a SK 
245 1 0 |a Ekonomický slovník  |b Slovak - English, English - Slovak  |c Michal Klimik, Pavel Mokráň 
250 |a 3. vydanie 
264 1 |a Bratislava  |b CCJ-Fremdsprachenzentrum - Centrum cudzích jazykov  |c 2007 
300 |a 460 s. 
490 1 |a Slovníky 
830 0 |a Slovníky 
610 2 0 |a jazykoveda 
610 2 0 |a jazyky cudzie 
610 2 0 |a terminológia 
610 2 0 |a frazeológia 
610 2 0 |a pojmy 
610 2 0 |a angličtina 
610 2 0 |a slovenčina 
100 1 |a Klimik, Michal 
700 1 |a Mokráň, Pavel